CYBER SECURITY FIRST PRINCIPLES : A REBOOT OF STRATEGY AND TACTICS. (Record no. 216713)

MARC details
000 -LEADER
fixed length control field 00686nam a22001817a 4500
008 - FIXED-LENGTH DATA ELEMENTS--GENERAL INFORMATION
fixed length control field 260226b |||||||| |||| 00| 0 eng d
020 ## - INTERNATIONAL STANDARD BOOK NUMBER
International Standard Book Number 978-1-394-17308-2
050 ## - LIBRARY OF CONGRESS CALL NUMBER
Classification number QA 76.9 .A25 H69 2023
100 ## - MAIN ENTRY--PERSONAL NAME
Personal name HOWARD ,RICK
245 ## - TITLE STATEMENT
Title CYBER SECURITY FIRST PRINCIPLES : A REBOOT OF STRATEGY AND TACTICS.
260 ## - PUBLICATION, DISTRIBUTION, ETC.
Place of publication, distribution, etc. HOBOKEN,NEW JERSEY.
Name of publisher, distributor, etc. JOHN WILEY AND SONS.
Date of publication, distribution, etc. 2023.
300 ## - PHYSICAL DESCRIPTION
Extent xxiii,374p. ill.
500 ## - GENERAL NOTE
General note INCLUDES INDEX
650 ## - SUBJECT ADDED ENTRY
Topical term or geographic name entry element 1.COMPUTER SECURITY 2.CYBER SECURITY STRATEGY 3.COMPUTER NETWORK SECURITY.
700 ## - ADDED ENTRY--PERSONAL NAME
Personal name PETER KILPE, EXECUTIVE EDITOR STEVE WINTERFELD AND BRANDON KARPF, EDITORS FOREWORD BY MARK McLAUGHLIN
942 ## - ADDED ENTRY ELEMENTS (KOHA)
Source of classification or shelving scheme Library of Congress Classification
Koha item type Long Loan Book

No items available.